• 首页
  • 本馆介绍
  • 公告通知
  • 最新文献
  • 馆藏检索
  • 电子资源
  • 读者导购
  • 参考咨询
  • 我的图书馆
  • 登录
  • 详细信息显示
  • 放入我的书架
  • 预约/预借图书
  • 作者相关作品
  • 分类相关作品
  • 丛书相关作品
  • 出版社相关作品

书目信息

  • 表格格式
  • 工作单格式
  • 卡片格式
题名:
家风的传承
    
 
作者: 中共北京市委党史研究室,京华时报社编
分册:  
出版信息: 北京   北京燕山出版社  2015
页数: 264页
开本: 24cm
丛书名:
单 册:
中图分类: K265.06
科图分类:
主题词: 抗日战争--北京--史料
电子资源:
ISBN: 978-7-5402-3931-2
000 01235nam0 2200325 450
001 2754
001 01CN12119928@CSLN
005 20161205143518.09
010   @a978-7-5402-3931-2@dCNY58.00
090   @aK265.06@bzgb
096   @aK265.06@bzgb
100   @a20150923d2015 em y0chiy50 ea
101 0 @achi
102   @aCN@b110000
105   @aa z 000yy
106   @ar
200 1 @a家风的传承@9jia feng de chuan cheng@b专著@e我们家鲜为人知的抗战故事@f中共北京市委党史研究室,京华时报社编
210   @a北京@c北京燕山出版社@d2015
215   @a264页@c照片@d24cm
300   @a北平抗战实录
300   @a纪念中国人民抗日战争暨世界反法西斯战争胜利70周年重点出版物
300   @a北京市社会科学理论著作出版基金重点资助项目
330   @a本书分为五篇,内容包括:爱国爱家,榜样模范;爱岗敬业,无私奉献;百折不挠,坚强不屈;勤俭节约,艰苦奋斗;乐于助人,诚实友善等。
517 1 @a我们家鲜为人知的抗战故事@9wo men jia xian wei ren zhi de kang zhan gu shi
606 0 @a抗日战争@y北京@j史料
690   @aK265.06@v5
711    @a@a中共北京市委@b党史研究室@4编@9zhong gong bei jing shi wei
711    @a@a京华时报社@9jing hua shi bao she@4编
801  0 @aCN@b大连网信软件有限公司图书馆·11@c20161205
905    @aZUCC@dK265.06@e114
    
    家风的传承:我们家鲜为人知的抗战故事/中共北京市委党史研究室,京华时报社编.-北京:北京燕山出版社,2015
    264页:照片;24cm
    北平抗战实录.-纪念中国人民抗日战争暨世界反法西斯战争胜利70周年重点出版物.-北京市社会科学理论著作出版基金重点资助项目
    
    ISBN 978-7-5402-3931-2:CNY58.00
    本书分为五篇,内容包括:爱国爱家,榜样模范;爱岗敬业,无私奉献;百折不挠,坚强不屈;勤俭节约,艰苦奋斗;乐于助人,诚实友善等。
●
相关链接 在E读中查询图书 在五车中查询图书 在当当中查询图书 在豆瓣中查询图书


正题名:家风的传承     索取号:K265.06/114         预约/预借

序号 登录号 条形码 馆藏地/架位号 状态 备注
1 911469   209114698   第二样本阅览室/ [索取号:K265.06/114] 在馆    
2 911470   209114705   第二借阅区/ [索取号:K265.06/114] 在馆    
3 911471   209114714   第二借阅区/ [索取号:K265.06/114] 在馆    
4 911472   209114723   第二借阅区/ [索取号:K265.06/114] 在馆    
5 911473   209114732   第二借阅区/ [索取号:K265.06/114] 在馆    
唐山师范学院图书馆 欢迎您!
大连网信软件有限公司© 版权所有